| 000 | 00582 a2200181 4500 | ||
|---|---|---|---|
| 020 | _a0766840263 | ||
| 040 |
_aDLC _bDLC |
||
| 082 | 0 | 0 | _a621.381 |
| 100 | 1 | _aMeade, Russell L. | |
| 245 | 1 | 0 |
_aFoundations of electronics, circuits and devices _cRussell L. Meade, Robert Diffenderfer. |
| 250 | _a4th ed. | ||
| 260 |
_aClifton Park, NY : _bThomson/Delmar Learning, _cc2003. |
||
| 300 |
_axxxii, 1152 p. : _bill. (some col.) ; _c26 cm. + 1 CD-ROM (4 3/4 in.) |
||
| 500 | _aIncludes index. | ||
| 650 | 0 | _aElectronics. | |
| 700 | 1 | _aDiffenderfer, Robert. | |
| 942 |
_cBK _k621.381 MEA _2ddc |
||
| 999 |
_c9987 _d9987 |
||